Fast typing A to Z and backwards - Statistics

General Stats
  • This quiz has been taken 77 times
  • The average score is 37 of 52
Answer Stats
Answer % Correct
A
98%
C
98%
B
96%
D
94%
E
94%
F
94%
J
94%
G
92%
H
92%
I
92%
K
92%
L
92%
M
92%
N
90%
O
90%
P
90%
Q
90%
R
90%
S
90%
T
90%
U
86%
V
86%
W
86%
X
86%
Y
86%
Z
84%
W
78%
X
78%
Y
78%
Z
78%
U
75%
V
75%
S
71%
T
71%
R
69%
Q
63%
P
51%
O
49%
N
47%
M
45%
L
41%
K
39%
J
35%
F
33%
G
33%
H
33%
I
33%
A
31%
B
31%
C
31%
D
31%
E
31%
No matching quizzes found
Score Distribution
Percent of People with Each Score
Percentile by Number Answered
Your Score History
You have not taken this quiz